000 00755nam a2200217 i 4500
001 68425
003 ES-MaACL
005 20250902063057.0
007 t|
008 040628s1863 fr ||||1| spa d
080 _a821.134.2-82"18"
100 1 _aGarcía de Quevedo, José Heriberto,
_d1819-1871
_954492
245 1 0 _aObras poéticas y literarias /
_cde José Heriberto García de Quevedo.
260 _aParis :
_bE. Trumot y Cia.,
_c1863.
300 _a2 v. ;
_c21 cm.
490 1 _aColección de los mejores autores españoles ;
_v57-58
597 _aRetrato de J. Heriberto Garcia de Quevedo.
830 0 _aColección de los mejores autores españoles ;
_v57-58
_9186767
852 _aES-MaACL
_jD-3428-29
999 _c68425
_d68425